La revolución liberal y los primeros partidos políticos en España

Uloženo v:
Podrobná bibliografie
Hlavní autor: Marichal, Carlos (autor)
Médium: Kniha
Jazyk:španělština
Vydáno: Madrid, España Cátedra 1980
Edice:Historia. Serie Menor
Témata:
Tagy: Přidat tag
Žádné tagy, Buďte první, kdo vytvoří štítek k tomuto záznamu!

MARC

LEADER 00000nam a2200000 a 4500
001 UCO1280
003 CL-VaPUC
005 20250120153450.0
008 000512e19800000SP |||||||||||||||||spa|d
999 |c 287908  |d 287906 
020 |a 9788437602455 
040 |c Pontificia Universidad Católica de Valparaíso 
082 0 4 |a 946.072 MAR 1980  |2 21 
100 |a Marichal, Carlos  |e autor  |9 597116 
245 1 3 |a La revolución liberal y los primeros partidos políticos en España 
260 |a Madrid, España  |b Cátedra  |c 1980 
300 |a 334 páginas 
490 0 |a Historia. Serie Menor 
583 |a last modification  |c 20120830 10:39:48  |k Rodrigo Vera 
650 7 |a HISTORIA DE ESPAÑA  |2 CL-VaPUC  |9 443245  |y 1834-1844 
650 7 |a REVOLUCION LIBERAL  |2 CL-VaPUC  |9 442535  |z ESPAÑA 
650 0 |a Partidos políticos  |z ESPAÑA  |9 254999 
852 |a BIBCUR 
942 |c BK  |2 ddc 
945 |d 20000512 00:00:00  |a rherrera 
952 |0 0  |1 0  |2 ddc  |4 0  |6 946_072000000000000_MAR_1980  |7 0  |8 A  |9 334999  |a BIBHIS  |b BIBHIS  |d 2019-11-20  |i 1269496  |o 946.072 MAR 1980  |p 1269496  |r 2025-01-20  |t 1  |w 2019-11-20  |y BK  |k HIS